[Event "Challenge ouvertures"]
[Site "http://www.queenalice.com/game.php?id=596403"]
[Date "2009.5.31"]
[Round "-"]
[White "testouverture"]
[Black "dede1900"]
[Result "1-0"]
[WhiteElo "2230"]
[BlackElo "2137"]

1. Nf3 Nf6 2. c4 c5 3. Nc3 d5 4. cxd5 Nxd5 5. g3 Nc6 6. Bg2 Nc7 7. O-O e5 8. a3
Be6 9. b4 cxb4 10. axb4 Bxb4 11. Nxe5 Bxc3 12. Nxc6 bxc6 13. Bxc6+ Bd7 14. Bxd7+
Qxd7 15. dxc3 Qxd1 16. Rxd1 O-O 17. Be3 a6 18. Ra5 Nb5 19. c4 Nc3 20. Rd3 Ne4
21. Rda3 Rac8 22. c5 Rfd8 23. f3 Nd2 24. Rc3 Nb1 25. Rc1 Nd2 26. Rxa6 1-0

[Event "Echecs.m@t Part2"]
[Site "http://www.queenalice.com/game.php?id=611670"]
[Date "2009.7.1"]
[Round "4"]
[White "dede1900"]
[Black "Rafale2000"]
[Result "1-0"]
[WhiteElo "2118"]
[BlackElo "1999"]

1. e4 Nf6 2. Nc3 d5 3. e5 Nfd7 4. f4 e6 5. Nf3 c5 6. d4 Nc6 7. Ne2 Qb6 8. c3
cxd4 9. Nexd4 Bc5 10. Be2 O-O 11. b4 Nxd4 12. Nxd4 Be7 13. Be3 Qc7 14. Nb5 Qc6
15. Qd3 Nb6 16. Bxb6 Qxb6 17. Qd4 Qxd4 18. Nxd4 Bd7 19. O-O Rfc8 20. Rac1 f6 21.
exf6 Bxf6 22. Bd3 Rc7 23. Kh1 Rac8 24. Bb5 Bxd4 25. Bxd7 Rxd7 26. cxd4 Rdc7 27.
Rce1 Kf7 28. f5 exf5 29. Rxf5+ Kg6 30. Rxd5 Rc1 31. Rg1 R1c4 32. a3 Rc3 33. Rd6+
Kg5 34. Rd7 R8c7 35. Rxc7 Rxc7 36. Rd1 Kf5 37. Kg1 Ke4 38. Kf2 Rc2+ 39. Kg3 Kd5
40. Rd3 Rc4 41. Rf3 Rc7 42. Rf4 b6 43. Kg4 Kc4 44. h4 Rd7 45. Kg5 Rd5+ 46. Rf5
Kxd4 47. g4 Rxf5+ 48. gxf5 a5 49. b5 a4 50. h5 Ke5 51. f6 gxf6+ 52. Kh6 f5 53.
Kxh7 f4 54. Kg6 f3 55. h6 f2 56. h7 f1=Q 57. h8=Q+ Kd5 58. Qa8+ Kc5 59. Qc6+ Kd4
60. Qxb6+ Kc4 61. Qc6+ Kb3 62. b6 Qg1+ 63. Kf6 Qf2+ 64. Ke6 Qe3+ 65. Kd7 Qd4+
66. Kc8 Kxa3 67. b7 Qg4+ 68. Kc7 Qg7+ 69. Kb6 Qb2+ 70. Ka7 Qg7 71. Ka8 1-0

[Event "Challenge #1"]
[Site "http://www.queenalice.com/game.php?id=641420"]
[Date "2009.8.24"]
[Round "-"]
[White "Aylton"]
[Black "dede1900"]
[Result "0-1"]
[WhiteElo "1906"]
[BlackElo "2132"]

1. d4 Nf6 2. Nf3 e6 3. e3 c5 4. c4 cxd4 5. exd4 Bb4+ 6. Nbd2 Ne4 7. a3 Bxd2+ 8.
Bxd2 Nxd2 9. Qxd2 d6 10. Be2 a5 11. O-O O-O 12. h3 Nd7 13. b4 b6 14. Rfb1 e5 15.
dxe5 dxe5 16. Rd1 Qf6 17. Rac1 axb4 18. axb4 Ra4 19. Qb2 e4 20. Nd4 Ne5 21. Qb3
Bd7 22. b5 Rfa8 23. Nc2 h6 24. Nb4 Ra3 25. Qb1 Bf5 26. Nd5 Qg5 27. Kh2 Bxh3 28.
gxh3 Qh4 29. Nc3 Qxf2+ 30. Kh1 Nf3 31. Bxf3 Qxf3+ 32. Kh2 Rxc3 33. Rxc3 Qxc3 34.
Qxe4 Ra2+ 35. Kg1 Qg3+ 0-1

[Event "Challenge #2"]
[Site "http://www.queenalice.com/game.php?id=641421"]
[Date "2009.8.24"]
[Round "-"]
[White "dede1900"]
[Black "Aylton"]
[Result "1-0"]
[WhiteElo "2126"]
[BlackElo "1931"]

1. e4 c5 2. Nf3 Nc6 3. d4 cxd4 4. Nxd4 e5 5. Nb5 d6 6. N1c3 a6 7. Na3 b5 8. Nd5
Nge7 9. Bg5 f6 10. Bxf6 gxf6 11. Nxf6+ Kf7 12. Nd5 Be6 13. Qf3+ Kg8 14. Nf6+ Kg7
15. c3 Ng6 16. Nh5+ Kh6 17. h4 Be7 18. g3 Rf8 19. Qe3+ Kxh5 20. Be2+ Bg4 21. f3
Bxf3 22. Bxf3+ Rxf3 23. Qxf3+ Kh6 24. Rf1 Qg8 25. Nc2 Rf8 26. Qe3+ Kg7 27. Rf5
Nxh4 28. gxh4 Bxh4+ 29. Ke2 Rxf5 30. exf5 Kf6 31. Qh6+ Kxf5 32. Rf1+ Kg4 33.
Rg1+ Bg3 34. Ne3# 1-0

[Event "Dylan93-2"]
[Site "http://www.queenalice.com/game.php?id=650428"]
[Date "2009.9.11"]
[Round "1"]
[White "pac212"]
[Black "dede1900"]
[Result "0-1"]
[WhiteElo "1665"]
[BlackElo "2143"]

1. e4 e5 2. Bc4 Nf6 3. Qf3 Nc6 4. c3 Bc5 5. b4 Bb6 6. Ne2 O-O 7. d3 h6 8. Ng3 d6
9. h3 Be6 10. Na3 a5 11. Rb1 axb4 12. cxb4 Nxb4 13. Rxb4 Ba5 14. Bd2 Bxb4 15.
Bxb4 c5 16. Nf5 Bxf5 17. exf5 cxb4 18. Nc2 d5 19. Bb3 e4 20. dxe4 Nxe4 21. Qd3
Rc8 22. Bxd5 Rxc2 23. O-O Rd2 24. Bxf7+ Rxf7 25. Qxe4 Qb6 26. Qc4 Qc6 27. Qxb4
Qd5 28. Re1 Qd4 29. Re8+ Kh7 30. Qxd4 Rxd4 31. g4 g6 0-1

[Event "Challenge #03"]
[Site "http://www.queenalice.com/game.php?id=660197"]
[Date "2009.9.29"]
[Round "-"]
[White "Aylton"]
[Black "dede1900"]
[Result "0-1"]
[WhiteElo "1973"]
[BlackElo "2136"]

1. f4 Nf6 2. Nf3 c5 3. d3 d5 4. e3 Bg4 5. Be2 Nc6 6. O-O e6 7. h3 Bxf3 8. Bxf3
Bd6 9. Nc3 a6 10. a3 Qc7 11. Qe1 d4 12. exd4 Nxd4 13. Bd1 O-O-O 14. Ne4 Nxe4 15.
dxe4 c4 16. c3 Nb3 17. Bxb3 cxb3 18. e5 Bc5+ 19. Be3 Rd3 20. Bxc5 Qxc5+ 21. Qf2
Qc4 22. Rad1 Rhd8 23. Rxd3 Rxd3 24. Kh2 Qd5 25. Rb1 Rd2 26. Qg3 Qe4 27. Re1 Qf5
28. Qxg7 Qxf4+ 29. Qg3 Qxg3+ 30. Kxg3 Rxb2 31. Kf3 Rc2 32. Rb1 Rxc3+ 33. Ke4 b5
34. Kd4 Rg3 35. Rb2 Kc7 36. Kc5 h5 37. Rf2 Rc3+ 38. Kb4 b2 39. Rxb2 Re3 40. Rf2
Kb6 0-1

[Event "Challenge #04"]
[Site "http://www.queenalice.com/game.php?id=660198"]
[Date "2009.9.29"]
[Round "-"]
[White "dede1900"]
[Black "Aylton"]
[Result "1-0"]
[WhiteElo "2128"]
[BlackElo "1986"]

1. d4 d5 2. c4 e6 3. Nc3 Nf6 4. Bg5 Nbd7 5. e3 c6 6. Nf3 Bb4 7. a3 Ba5 8. b4 Bc7
9. Bd3 h6 10. Bh4 O-O 11. Qb3 dxc4 12. Bxc4 b5 13. Bd3 Bb7 14. Ne4 a6 15. Ke2 g5
16. Bg3 Nxe4 17. Bxe4 Bxg3 18. hxg3 Kg7 19. Rac1 a5 20. Bxc6 Bxc6 21. Rxc6 a4
22. Qc3 Kg6 23. Qd3+ Kg7 24. Qxb5 Nf6 25. Qe5 Qd7 26. Rc5 Rg8 27. Nxg5 hxg5 28.
Qxg5+ Kf8 29. Qxf6 Ke8 30. Rh8 Kf8 31. Rxg8+ Kxg8 32. Rh5 1-0

[Event "Dylan93-2"]
[Site "http://www.queenalice.com/game.php?id=701342"]
[Date "2009.12.21"]
[Round "2"]
[White "dede1900"]
[Black "Dylan93"]
[Result "1-0"]
[WhiteElo "2158"]
[BlackElo "1556"]

1. e4 e5 2. f4 d5 3. exd5 e4 4. d3 Qxd5 5. Nc3 Qa5 6. Bd2 exd3 7. Bxd3 Nf6 8.
Qe2+ Be7 9. Nb5 Qb6 10. O-O-O a6 11. Re1 Nc6 12. Bb4 Be6 13. Bxe7 Nxe7 14. Nc3
O-O 15. Nf3 Nc6 16. Ne4 Nd5 17. Neg5 Nxf4 18. Bxh7+ Kh8 19. Qe4 Nxg2 20. Bg8 g6
21. Nxe6 1-0

[Event "Challenge"]
[Site "http://www.queenalice.com/game.php?id=701847"]
[Date "2009.12.22"]
[Round "-"]
[White "dede1900"]
[Black "Oskyrain"]
[Result "1-0"]
[WhiteElo "2144"]
[BlackElo "2211"]

1. d4 Nf6 2. c4 e6 3. Nf3 b6 4. Nc3 Bb4 5. Bg5 Bb7 6. e3 O-O 7. Bd3 h6 8. Bh4 g5
9. Bg3 d5 10. cxd5 Nxd5 11. Rc1 Nd7 12. e4 N5f6 13. Qe2 Nh5 14. Rd1 c5 15. a3
Bxc3+ 16. bxc3 cxd4 17. cxd4 Rc8 18. Ba6 Bxa6 19. Qxa6 f5 20. Bd6 Nb8 21. Bxb8
fxe4 22. Ne5 Rc2 23. O-O Qxb8 24. Qa4 Qc7 25. Qb3 Nf4 26. Ng4 Kg7 27. Qe3 h5 28.
Ne5 Re2 29. Qg3 Rf5 30. h4 e3 31. Nd3 Rxf2 32. Nxf4 Qxf4 33. Qxf4 R5xf4 34. Rxf2
exf2+ 35. Kf1 gxh4 36. Rd2 Kf6 37. Rd3 1-0

[Event "Après un cours avec Dorfman"]
[Site "http://www.queenalice.com/game.php?id=754253"]
[Date "2010.3.31"]
[Round "-"]
[White "dede1900"]
[Black "clovis"]
[Result "1/2-1/2"]
[WhiteElo "2159"]
[BlackElo "2131"]

1. d4 d5 2. c4 c6 3. Nf3 Nf6 4. Nc3 e6 5. e3 Nbd7 6. Bd3 Bd6 7. Qc2 dxc4 8. Bxc4
O-O 9. e4 e5 10. h3 exd4 11. Nxd4 Ne5 12. Be2 Ng6 13. Be3 Nf4 14. Bxf4 Bxf4 15.
Rd1 Qe7 16. O-O Bc7 17. f4 Bb6 18. Kh1 Bd7 19. e5 Nd5 20. Nxd5 cxd5 21. Bf3 Qh4
22. Qd2 Rac8 23. Bxd5 Bxd4 24. Qxd4 Rc2 25. Rd2 Rxd2 26. Qxd2 Bf5 27. Bxb7 Rd8
28. Qf2 Qe7 29. Ba6 h6 30. Qe2 Qb4 31. Rf2 Qa4 32. Bc4 Rd4 33. Bb3 Qc6 34. Qe3
Rd3 35. Qe1 Rxh3+ 36. Kg1 Rh4 37. Qd2 Qb6 38. Bd5 Qc5 39. b4 Qb6 40. Bc6 Kh7 41.
b5 a6 42. g3 Rg4 43. Kh2 axb5 44. Bf3 Rg6 45. g4 Rxg4 46. Bxg4 Bxg4 47. f5 Qa7
1/2-1/2

[Event "Dylan93-2"]
[Site "http://www.queenalice.com/game.php?id=772421"]
[Date "2010.5.7"]
[Round "3"]
[White "trolldetroy"]
[Black "dede1900"]
[Result "0-1"]
[WhiteElo "1971"]
[BlackElo "2158"]

1. e4 c5 2. f4 e6 3. Nf3 Nc6 4. Bb5 Nge7 5. O-O a6 6. Bxc6 Nxc6 7. c3 d5 8. e5
d4 9. Na3 b5 10. cxd4 Nxd4 11. d3 Bb7 12. Nc2 Nxf3+ 13. gxf3 Qh4 14. Be3 Be7 15.
Qe2 g5 16. Qf2 gxf4 17. Qxh4 Bxh4 18. Bxf4 O-O-O 19. Rad1 Rhg8+ 20. Kh1 Rg4 21.
Ne3 Rxf4 22. Ng2 Rxf3 23. Kg1 Rg8 24. Rxf3 Bxf3 25. Rd2 Bg5 26. Rc2 Be3+ 27. Kf1
Rxg2 28. Rxg2 Bxg2+ 29. Kxg2 c4 0-1

[Event "Challenge"]
[Site "http://www.queenalice.com/game.php?id=815936"]
[Date "2010.8.10"]
[Round "-"]
[White "clovis"]
[Black "dede1900"]
[Result "1/2-1/2"]
[WhiteElo "2073"]
[BlackElo "2164"]

1. e4 c5 2. Nf3 Nc6 3. Bb5 d6 4. d4 cxd4 5. Qxd4 Bd7 6. Bxc6 Bxc6 7. O-O Nf6 8.
e5 dxe5 9. Qxd8+ Rxd8 10. Nxe5 Be4 11. Be3 Nd5 12. Bxa7 Bxc2 13. Na3 Ba4 14. b3
e6 15. Nac4 Bb5 16. a4 Bxc4 17. Nxc4 Bb4 18. Rac1 O-O 19. Nb6 Nc3 20. Rc2 Rd3
21. Nc4 Rfd8 22. Bb6 R8d5 23. Be3 Rd1 24. g3 f6 25. Rxd1 Rxd1+ 26. Kg2 Kf7 27.
Bd2 Nd5 28. Bxb4 Nxb4 29. Rd2 Rxd2 30. Nxd2 b6 31. Nc4 Nd5 32. Kf3 Ke7 33. Ke4
h5 34. f4 g6 35. Kd4 Kd7 36. Ne3 Nb4 37. Kc4 Nc6 38. Kb5 Kc7 39. Nc2 g5 40. b4
e5 41. fxg5 fxg5 42. Ne3 Nd4+ 43. Kc4 Kc6 44. b5+ Kd6 45. Nd5 Nf3 46. Nxb6 e4
47. a5 e3 48. Kd3 Kc5 49. Kxe3 Nxh2 50. Nc4 Kxb5 51. Ne5 Kxa5 52. Kf2 h4 53.
gxh4 1/2-1/2

[Event "Challenge"]
[Site "http://www.queenalice.com/game.php?id=815938"]
[Date "2010.8.10"]
[Round "-"]
[White "dede1900"]
[Black "clovis"]
[Result "0-1"]
[WhiteElo "2161"]
[BlackElo "2077"]

1. d4 d5 2. c4 c6 3. Nf3 Nf6 4. g3 Bf5 5. Nbd2 e6 6. Bg2 Nbd7 7. O-O Bd6 8. Qb3
Qc7 9. cxd5 exd5 10. Re1 O-O 11. Nh4 Bg6 12. Nxg6 hxg6 13. e4 dxe4 14. Nxe4 Nxe4
15. Bxe4 Qb6 16. Qxb6 Nxb6 17. Bd2 Rad8 18. Bc3 Rfe8 19. a3 Be7 20. Bc2 Bf6 21.
Rxe8+ Rxe8 22. Bb3 Rd8 23. Rd1 Nd5 24. Bxd5 Rxd5 25. Rd2 c5 26. dxc5 Rxd2 27.
Bxd2 Bxb2 28. a4 Kf8 29. Kf1 Ke7 30. Ke2 Ke6 31. Kd3 Kd5 32. Be3 a6 33. f3 Ba3
34. Bd4 f6 35. g4 Bxc5 36. Bc3 Bd6 37. h3 Be5 38. Bb4 Bd6 39. Bc3 b5 40. axb5
axb5 41. Bb2 b4 42. g5 Be5 43. gxf6 gxf6 44. Bc1 b3 45. Bd2 Ke6 46. f4 b2 47.
Kc2 Bd4 48. Be1 Kf5 49. Bg3 Ke4 50. h4 Kf3 51. f5 Kxg3 52. fxg6 f5 53. h5 Bg7
0-1

[Event "coyote78-2"]
[Site "http://www.queenalice.com/game.php?id=827501"]
[Date "2010.9.3"]
[Round "1"]
[White "coyote78"]
[Black "dede1900"]
[Result "0-1"]
[WhiteElo "2003"]
[BlackElo "2146"]

1. e4 e5 2. Nf3 Nf6 3. Nxe5 d6 4. Nf3 Nxe4 5. Qe2 Qe7 6. d3 Nf6 7. Qxe7+ Bxe7 8.
g3 Nc6 9. c3 Bg4 10. Bg2 O-O-O 11. O-O Ne5 12. Ng5 Rhf8 13. f3 Bf5 14. Be3 Nxd3
15. Nd2 Nxb2 16. Nge4 d5 17. Nxf6 Bxf6 18. Nb1 Bxb1 19. Raxb1 Bxc3 20. Bxa7 b6
21. Rfc1 Bd4+ 22. Kf1 Kb7 23. f4 Kxa7 24. Rxc7+ Kb8 0-1

[Event "Partie romantique"]
[Site "http://www.queenalice.com/game.php?id=889600"]
[Date "2011.1.22"]
[Round "-"]
[White "clovis"]
[Black "dede1900"]
[Result "1-0"]
[WhiteElo "2009"]
[BlackElo "2154"]

1. e4 c5 2. Nf3 d6 3. d4 cxd4 4. Qxd4 Bd7 5. Nc3 Nc6 6. Qd1 Nf6 7. Bc4 e6 8. O-O
Be7 9. Bg5 a6 10. Qe2 Qc7 11. Rad1 b5 12. Bxf6 gxf6 13. Bb3 Rb8 14. Nd4 Nxd4 15.
Rxd4 b4 16. Nd1 Qb6 17. Qd2 e5 18. Rc4 Bb5 19. Rxb4 a5 20. Rxb5 Qxb5 21. Nc3 Qc5
22. Ba4+ Kd8 23. b3 Qb4 24. Qd3 Qd4 25. Qxd4 exd4 26. Nb5 Rb6 27. Nxd4 Kc7 28.
c4 Rd8 29. Rd1 Rc8 30. Rd3 Rh8 31. Nf5 Bf8 32. Ne3 1-0

[Event "Partie fantastique"]
[Site "http://www.queenalice.com/game.php?id=889601"]
[Date "2011.1.22"]
[Round "-"]
[White "dede1900"]
[Black "clovis"]
[Result "1-0"]
[WhiteElo "2138"]
[BlackElo "2018"]

1. d4 d5 2. c4 c6 3. Nc3 e6 4. Nf3 Nf6 5. Bg5 dxc4 6. e4 b5 7. e5 h6 8. Bh4 g5
9. Nxg5 hxg5 10. Bxg5 Be7 11. Bxf6 Bxf6 12. exf6 Qxf6 13. Be2 Bb7 14. Bf3 Na6
15. Nxb5 O-O-O 16. Nxa7+ Kc7 17. Qa4 Qxd4 18. Qa5+ Kb8 19. Nxc6+ Bxc6 20. Rd1
Qxd1+ 21. Bxd1 Ka7 22. O-O Rd5 23. Qc3 Rg8 24. Bf3 Rd3 25. Bxc6 Rxc3 26. bxc3
Kb6 27. Bf3 Rd8 28. Rd1 Rd3 29. Rxd3 cxd3 30. Kf1 Kc5 31. Ke1 Kc4 32. Kd2 Nc5
33. Bc6 e5 34. h4 f5 35. h5 Ne6 36. h6 Ng5 37. a4 e4 38. a5 Kc5 39. Bd7 f4 40.
Bf5 Kc4 41. a6 f3 42. g3 1-0

[Event "coyote78-2"]
[Site "http://www.queenalice.com/game.php?id=943664"]
[Date "2011.5.28"]
[Round "2"]
[White "dede1900"]
[Black "Rafale2000"]
[Result "1-0"]
[WhiteElo "2156"]
[BlackElo "1990"]

1. d4 Nf6 2. c4 c5 3. d5 b5 4. cxb5 a6 5. Nc3 axb5 6. Nxb5 Qa5+ 7. Nc3 g6 8. Bd2
Bg7 9. e4 d6 10. Nf3 O-O 11. Be2 Nbd7 12. O-O Ba6 13. Bxa6 Rxa6 14. Re1 Ng4 15.
Qe2 Rb8 16. Nd1 Qb6 17. Bc3 Nde5 18. Nxe5 Nxe5 19. Ne3 c4 20. Bxe5 Bxe5 21. Nxc4
Qb5 22. Nxe5 dxe5 23. Qxb5 Rxb5 24. b3 Rc5 25. Kf1 Rc2 26. Re2 Rc7 27. Ke1 Rc3
28. Kd2 Rc8 29. Re3 Ra3 30. b4 Ra4 31. a3 Rc4 32. Rb1 Rd4+ 33. Kc2 Ra8 34. f3
Rc8+ 35. Rc3 Ra8 36. Kb3 Ra7 37. Rbc1 Rd2 38. R1c2 Rd4 39. a4 f5 40. Rc4 Rxc4
41. Rxc4 1-0

[Event "Challenge"]
[Site "http://www.queenalice.com/game.php?id=958455"]
[Date "2011.7.9"]
[Round "-"]
[White "clovis"]
[Black "dede1900"]
[Result "0-1"]
[WhiteElo "2000"]
[BlackElo "2163"]

1. e4 c5 2. Nf3 Nc6 3. Bb5 g6 4. O-O Bg7 5. c3 Nf6 6. e5 Nd5 7. d4 cxd4 8. cxd4
O-O 9. Nc3 Nc7 10. Bc4 d6 11. exd6 Qxd6 12. d5 Ne5 13. Bf4 Nxf3+ 14. Qxf3 Qd8
15. Qg3 Ne8 16. Rfe1 Nd6 17. Bb3 Nf5 18. Qd3 Bd7 19. d6 exd6 20. Bxd6 Nxd6 21.
Qxd6 Bc6 22. Rad1 Qxd6 23. Rxd6 Rad8 24. Rxd8 Rxd8 25. Re7 Rf8 26. Bd5 Bxd5 27.
Nxd5 Rc8 28. g3 Rc1+ 29. Kg2 Rc2 30. Rxb7 Bd4 31. Ne7+ Kf8 32. a4 Bxf2 33. b4
Bc5+ 34. Kh1 Bxe7 35. b5 Bc5 36. a5 Ra2 37. a6 Re2 38. h4 Re7 39. Rb8+ Kg7 40.
Kg2 h5 41. Kf3 Kf6 42. g4 Re3+ 43. Kf4 Bd6+ 0-1

[Event "Challenge"]
[Site "http://www.queenalice.com/game.php?id=958456"]
[Date "2011.7.9"]
[Round "-"]
[White "dede1900"]
[Black "clovis"]
[Result "1-0"]
[WhiteElo "2146"]
[BlackElo "2089"]

1. d4 d5 2. Nc3 Nf6 3. Bg5 Bf5 4. Bxf6 exf6 5. e3 Bb4 6. Ne2 O-O 7. a3 Ba5 8. b4
Bb6 9. Ng3 Bg6 10. h4 h5 11. Nxh5 Re8 12. Nf4 Nc6 13. Be2 Be4 14. Nxe4 Rxe4 15.
Bf3 Rxf4 16. exf4 Bxd4 17. Rb1 Bc3+ 18. Kf1 Nd4 19. Qd3 1-0

[Event "Challenge"]
[Site "http://www.queenalice.com/game.php?id=1123479"]
[Date "2012.11.18"]
[Round "-"]
[White "clovis"]
[Black "dede1900"]
[Result "0-1"]
[WhiteElo "1897"]
[BlackElo "2178"]

1. e4 c5 2. Nf3 d6 3. d4 cxd4 4. Qxd4 Bd7 5. Bc4 e6 6. O-O Nc6 7. Qd3 Be7 8. Nc3
a6 9. Bf4 e5 10. Bg3 Nf6 11. Rad1 O-O 12. Bh4 Na5 13. Bb3 Nxb3 14. axb3 Ne8 15.
Bxe7 Qxe7 16. Nd5 Qd8 17. c4 Rc8 18. Ne3 Qe7 19. b4 Bg4 20. Nd5 Qd8 21. h3 Bxf3
22. Qxf3 Rxc4 23. b3 Rc6 24. Qg3 Nf6 25. Qh4 Nxd5 26. Qxd8 Rxd8 27. Rxd5 Rb6 28.
Rfd1 f6 29. Rc5 Rxb4 30. Rc7 Rxb3 31. Rdc1 Kf8 32. h4 a5 33. h5 h6 34. Ra1 Rb5
35. Ra3 Re8 36. Rg3 Re7 37. Rxe7 Kxe7 38. Rxg7+ Ke6 39. Rg6 a4 40. Rxh6 a3 41.
Rh8 a2 42. Ra8 Rb1+ 0-1

[Event "Challenge"]
[Site "http://www.queenalice.com/game.php?id=1123480"]
[Date "2012.11.18"]
[Round "-"]
[White "dede1900"]
[Black "clovis"]
[Result "1-0"]
[WhiteElo "2170"]
[BlackElo "2021"]

1. e4 e5 2. f4 exf4 3. Nf3 d5 4. exd5 Qxd5 5. Nc3 Qh5 6. Bb5+ c6 7. Qe2+ Be7 8.
Bc4 Nf6 9. d4 O-O 10. Bxf4 Bg4 11. O-O Re8 12. Ne4 Nxe4 13. Qxe4 Bxf3 14. Rxf3
Nd7 15. Qd3 Nf6 16. Qb3 b6 17. Raf1 Rad8 18. Rh3 Qg6 19. Rg3 Qh5 20. Rg5 b5 21.
Rxh5 bxc4 22. Qxc4 Nxh5 23. Bc7 Rd5 24. Qxc6 Red8 25. Bxd8 Rxd8 26. Re1 Rxd4 27.
Rxe7 1-0

[Event "Challenge"]
[Site "http://www.queenalice.com/game.php?id=1277116"]
[Date "2014.4.28"]
[Round "-"]
[White "dede1900"]
[Black "clovis"]
[Result "1-0"]
[WhiteElo "2182"]
[BlackElo "1993"]

1. e4 e5 2. f4 exf4 3. Nf3 d5 4. exd5 Qxd5 5. Nc3 Qh5 6. Bc4 Nf6 7. d4 Be7 8.
Bxf4 O-O 9. O-O Bd6 10. Ne5 Bxe5 11. Bxe5 Nbd7 12. Qxh5 Nxh5 13. Bxc7 Nb6 14.
Bxb6 axb6 15. Nd5 Be6 16. Ne7+ Kh8 17. Bxe6 fxe6 18. Rxf8+ Rxf8 19. Re1 Re8 20.
Rxe6 Nf6 21. c4 g6 22. Nxg6+ hxg6 23. Rxf6 1-0